<?xml version="1.0" encoding="UTF-8"?>
<marc:record xmlns:marc="http://www.loc.gov/MARC21/slim">
   <marc:leader>00000nam a2200000 a 4500</marc:leader>
   <marc:datafield ind1="1" ind2=" " tag="100">
      <marc:subfield code="a">Rittig, Gabriele</marc:subfield>
      <marc:subfield code="4">aut</marc:subfield>
      <marc:subfield code="e">Verfasser/-in</marc:subfield>
   </marc:datafield>
   <marc:datafield ind1="0" ind2="0" tag="245">
      <marc:subfield code="a">Herbert &amp; Horst, die Entenagenten : Mission : Federkleid</marc:subfield>
   </marc:datafield>
   <marc:datafield ind1="0" ind2="0" tag="245">
      <marc:subfield code="c">Gabriele Rittig ; mit Bildern von Lisa Forsch</marc:subfield>
   </marc:datafield>
   <marc:datafield ind1=" " ind2="1" tag="264">
      <marc:subfield code="a">Wien</marc:subfield>
      <marc:subfield code="b">G &amp; G</marc:subfield>
      <marc:subfield code="c">2021</marc:subfield>
   </marc:datafield>
   <marc:datafield ind1="1" ind2=" " tag="520">
      <marc:subfield code="a">Quelle: bn.bibliotheksnachrichten (http://www.biblio.at/literatur/bn/index.html); #Autor: Sabine Eidenberger; #Band 1 der Enten-Agenten, in dem es um eine Entführung geht. (ab 5) (JE)#Ganter Herbert und Erpel Horst sind die Enten-Agenten. Dazu haben sie sich selbst eben erst ernannt. Schon kommt der erste Auftrag: Sie sollen Küken zu ihrer Mutter zurückbringen. Was am Anfang langweilig klingt, entwickelt sich bald zu einem sehr, sehr spannenden Fall von Majestätsentführung!#Temporeich und mit viel Wortwitz (der durchaus in der Lage ist, Lesemuffel am Ball zu halten!) schnattern sich die beiden Helden sowie Gans Henriette durch die Handlung. Die nicht allzu zahlreichen Illustrationen sind liebevoll und detailreich, animieren zum Weiterlesen, nehmen aber nichts vorweg. Zum Vorlesen ist das Buch etwa ab 5 Jahren geeignet, zum Selberlesen eher ab der dritten Klasse, da der Text schon recht kompakt daherkommt. Für alle Bestände zu empfehlen.</marc:subfield>
   </marc:datafield>
   <marc:datafield ind1=" " ind2=" " tag="020">
      <marc:subfield code="a">9783707424225</marc:subfield>
      <marc:subfield code="9">9783707424225</marc:subfield>
   </marc:datafield>
   <marc:datafield ind1=" " ind2=" " tag="041">
      <marc:subfield code="a">ger</marc:subfield>
   </marc:datafield>
   <marc:datafield ind1=" " ind2=" " tag="300">
      <marc:subfield code="a">124 Seiten</marc:subfield>
   </marc:datafield>
</marc:record>
